00667nam a2200205Ia 4500003000900000008004100009040001600050080001500066100002400081245007600105260004100181300001000222650004100232650001600273650002100289650001600310942000700326999001300333952011500346IN-BaIIA211028s9999 xx 000 0 eng d cIIA Library a551.5bTOY aToynbee, Henry9463 4aThe meteorology of the north Atlantic during August 1873cHenry Toynbee aLondonbH.M. Stationery Officec1878 a103p. aAstronomy and Astrophysics Thesaurus aClimatology aEarth Atmosphere aMeteorology cBK c242d242 00104070aBANbKODcGENd0000-00-00g10.50l0o551.5/ TOYp216r2021-11-05v10.50w0000-00-00yBKGRs. 10.50